000 00917nam a22003257a 4500
001 0010537
003 KOHA_MİRAKIL
005 20260207001747.0
007 ta
008 091112b1998 tu |||gr||||#||||0|tur |
020 _a9757819077
040 _aTR-BiSEU
_btur
_cTR-BiSEU
_erda
041 0 _atur
044 _ctu
050 _aB3279
_b.H48 1998
100 1 _aHeidegger, Martin.
245 1 _aTekniğe ilişkin soruşturma/
_cMartin Heidegger ; Martin Heidegger; çeviren Doğan Özlem.
264 1 _aİstanbul :
_bParadigma
_c1998
300 _a85 sayfa
336 _ametin
_btxt
_2rdacontent
337 _aaracısız
_bn
_2rdamedia
338 _acilt
_bnc
_2rdacarrier
490 1 _aFelsefe dizisi ;
_v7.
490 1 _akitap
500 _aKaynakça ve dizin var.
650 0 _aTeknoloji--Felsefe.
_925838
830 1 _aFelsefe dizisi ;
_v7.
_97405
830 1 _akitap
_97406
942 _2lcc
_cBK
999 _c10509
_d10509